000 00271nmm a2200097Ia 4500
008 220120s9999||||xx |||||||||||||||||und||
020 _a81-7808-312-4
100 _aLFY Feburary 2010
245 0 _aPostgrey plus Database connectors, post GIS
260 _aEFY
_bNew Delhi
_c2010
999 _c139461
_d139461